| 000 | 00588nam a22002297a 4500 | ||
|---|---|---|---|
| 001 | 0074 | ||
| 003 | DO-SdBNP | ||
| 005 | 20180130101959.0 | ||
| 007 | 0074 | ||
| 008 | 151208b sp 1998 ||||| |||| 00| 0 spa d | ||
| 040 |
_aBPMSU _bspa _cBPMSU |
||
| 092 |
_axxxxx _bxxxxx |
||
| 100 | 1 |
_aÁlvaro Pombo, _d1939- |
|
| 245 | 1 | 0 |
_aLuzmila / _cÁlvaro Pombo |
| 260 |
_aMadrid : _bDifusión Directa Édera, _c1998 |
||
| 300 |
_a95 p. _c21 cm. |
||
| 490 | 1 |
_aDiez minutos _v5 |
|
| 830 | 0 |
_aDiez minutos _n5 |
|
| 942 |
_2ddc _cBK |
||
| 945 | _aInventariado, 2018 /LP | ||
| 956 |
_aBrenda Tavárez _b10 |
||
| 999 |
_c9051 _d9051 |
||